zpět

Detail výsledku týmu

Kníničská pivnice, Brno

Datum a čas kvízu

29 Celkem bodů Celkový počet nahraných bodů na tomto kvízu bez doplňovacích otázek.
5. Pořadí na kvízu Konečné umístění týmu na tomto kvízu.

Zaznamenané odpovědi

# Otázka Odpověď Body Výsledky
1. Co bylo hlavní motivací kavárn... C 0
2. Na Světovém ekonomickém fóru v... Václava Havla 1
3. Který hororový snímek získal v... Hříšníci/Sinners 0
4. V pondělí opustila přísně stře... Předmostecká/Předmostí 0
5. Ve kterém sportu povede nově č... A 0
6. Jak se jmenuje horolezec, jenž... Radek Jaroš 1
7. Jak se trojslovně jmenuje tato... lezení na rychlost 0
8. Jak se jmenuje tento základní... dračí smyčka 1
9. Za půl bodu napište jméno ikon... Matterhorn, Švýcarsko a Itálie 1
10. Jak se jmenuje fenomenální slo... B) Janja Garnbret 0